| 000 | 00573cam a2200205 a 4500 | ||
|---|---|---|---|
| 001 | 13325057 | ||
| 005 | 20240307051555.0 | ||
| 008 | 030403s2002 ce b 001 0 eng | ||
| 020 | _a9559102516 | ||
| 040 |
_aDLC _cDLC |
||
| 082 |
_222 _a323.4 _bHUM. |
||
| 100 | 1 | _aFernando, Laksiri. | |
| 245 | 1 | 0 |
_aHuman rights, politics and states : _bBurma, Cambodia, Sri Lanka / _cLaksiri Fernando. |
| 260 |
_aColombo : _bSocial Scientists' Association, _c2002. |
||
| 300 | _av, 340 p. ; | ||
| 650 | 0 | _aHuman rights | |
| 650 | 0 | _aHuman rights | |
| 650 | 0 | _aHuman rights | |
| 942 | _cL | ||
| 999 |
_c558 _d558 |
||